¿Jesucristo era sacerdote?/ Ariel Álvarez Valdés.

El obispo de Santiago del Estero, monseñor Francisco Pilti prohibió al P. Ariel que continúe ejerciendo su apostolado de hacer conocer la Palabra de Dios en forma sencilla y creíble. Este obispo, proveniente del Opus Dei, argumentó que las enseñanzas de Álvarez Valdés producían "perplejidad" en sus...

Full description

Bibliographic Details
Main Author: Álvarez Valdés, Ariel
Format: Libro
Language:Spanish
Published: Chile Ediciones ChileAmérica-CESOC 2010
Subjects:

MARC

LEADER 00000cam a2200000 a 4500
001 038955
003 UAHC_CL
005 20170803124322.0
008 140819s2004 cl 000 spa
040 |a UAHC_CL  |c UAHC_CL  |d UAHC_CL 
100 1 |a Álvarez Valdés, Ariel 
245 1 0 |a ¿Jesucristo era sacerdote?/ Ariel Álvarez Valdés. 
260 |b Ediciones ChileAmérica-CESOC  |a Chile  |c 2010 
300 |a pp.15-20. 
500 |a En: Reflexión y liberación, nº 84, 2010. p.15-20. 
520 |a El obispo de Santiago del Estero, monseñor Francisco Pilti prohibió al P. Ariel que continúe ejerciendo su apostolado de hacer conocer la Palabra de Dios en forma sencilla y creíble. Este obispo, proveniente del Opus Dei, argumentó que las enseñanzas de Álvarez Valdés producían "perplejidad" en sus lectores y oyentes. 
610 2 4 |a IGLESIA CATOLICA  |x DOCTRINAS 
650 4 |a JESUCRISTO  |x HISTORIA 
900 |a REFLEXION Y LIBERACION-84/10 
942 |c BK 
999 |c 38955  |d 38955